|
|
|
|
| LEADER |
00000nam a2200000 a 4500 |
| 001 |
UCP5446 |
| 003 |
CL-VaPUC |
| 008 |
990910e19950000FR |||||||||||||||||eng|d |
| 082 |
0 |
4 |
|a 727.1
|b TAM
|2 21
|
| 100 |
0 |
|
|a Tamang, H. D
|e author
|9 433846
|
| 700 |
0 |
|
|a Dharam, K. C
|e author
|9 433847
|
| 245 |
1 |
0 |
|a Innovation in primary school construction: community participation in Seti zone, Nepal
|
| 300 |
|
|
|a 68 p
|
| 942 |
|
|
|c BK
|
| 945 |
|
|
|d 19990910 00:00:00
|a rbrito
|
| 260 |
|
|
|a París
|b Unesco
|c 1995
|
| 650 |
|
0 |
|a Educación básica
|9 224933
|
| 650 |
|
7 |
|a CONSTRUCCIONES ESCOLARES
|2 CL-VaPUC
|9 262671
|
| 650 |
|
0 |
|a Participación comunitaria
|9 317870
|
| 651 |
|
7 |
|a NEPAL
|2 CL-VaPUC
|9 351405
|
| 583 |
|
|
|a last modification
|c 19990910 00:00:00
|k Rodrigo Vera
|
| 999 |
|
|
|c 283194
|d 283192
|
| 952 |
|
|
|0 0
|1 0
|4 0
|6 727_100000000000000_TAM_1995
|7 0
|8 P
|9 326057
|a BIBEDU
|b BIBEDU
|c BIBEDU_PB
|d 2019-11-20
|i 3560457
|o 727.1 TAM 1995
|p 3560457
|r 2024-01-25
|w 2019-11-20
|y BK
|k EPE
|